عرض عادي عرض مارك
  • Workshop on Fault Diagnosis and Tolerance in Cryptography.

مدخل إسم مؤتمر

عدد التسجيلات المستخدمة في: 1

001 - رقم الضبط

  • حقل الضبط: 113731

003 - معرف رقم الضبط

  • حقل الضبط: OSt

005 - تاريخ ووقت أخر عملية

  • حقل الضبط: 20221211122229.0

008 - عناصر بيانات ثابتة الطول

  • حقل تحكم ثابت الطول: 221211|| aca||aabn | a|a d

040 ## - مصدر الفهرسة

  • هيئة الفهرسة الأصلية: OSt
  • وكالة الكتابة: OSt

111 ## - مدخل -- اسم مؤتمر

  • اسم الملتقي او اسم السلطه كعنصر مدخل: Workshop on Fault Diagnosis and Tolerance in Cryptography.

670 ## - بيانات المصدر موجوده

  • الاستشهاد بالمصدر: Work cat.: (OSt)0: Workshop on Fault Diagnosis and Tolerance in Cryptography., Fault diagnosis and tolerance in cryptography :, c2006.